Conditional contracts (Record no. 75935)

MARC details
000 -LEADER
fixed length control field 01148cab a2200205 4500
001 - CONTROL NUMBER
control field L131063
008 - FIXED-LENGTH DATA ELEMENTS--GENERAL INFORMATION
fixed length control field 050923n2005 000 0 eng u
035 ## - SYSTEM CONTROL NUMBER
System control number (Sirsi) u131063
041 0# - LANGUAGE CODE
Language code of text/sound track or separate title eng
100 ## - MAIN ENTRY--PERSONAL NAME
Personal name Whitters, Bernadette
245 ## - TITLE STATEMENT
Title Conditional contracts
260 ## - PUBLICATION, DISTRIBUTION, ETC.
Date of publication, distribution, etc. 2005
490 ## - SERIES STATEMENT
Series statement EMIS Property Service
Volume/sequential designation 3(9) September 2005, 3-4(2)
520 ## - SUMMARY, ETC.
Summary, etc. Focuses on conditional contracts, which are rarely appropriate in residential conveyancing, but are not unusual in commercial conveyancing where contracts can be conditional on the buyer obtaining satisfactory results to searches, surveys or planning permission prior to the date of completion. Considers "Ashfield Land Ltd v Mallan Ltd and another" ([2004] EWHC 2815 (Ch)) in connection with the seller's right to forfeit the deposit. Provides guidelines for drafting conditional contracts.
590 ## - LOCAL NOTE (RLIN)
Local note IKA270905
650 ## - SUBJECT ADDED ENTRY--TOPICAL TERM
Topical term or geographic name entry element ASHFIELD LAND V MALLAN LTD AND ANOTHER
690 ## - LOCAL SUBJECT ADDED ENTRY--TOPICAL TERM (OCLC, RLIN)
Topical term or geographic name as entry element PROPERTY-PROPERTY ACQUISITION AND DISPOSAL-CONVEYANCING
856 41 - ELECTRONIC LOCATION AND ACCESS
Uniform Resource Identifier <a href="https://www.bailii.org/ew/cases/EWHC/Ch/2004/2815.html">https://www.bailii.org/ew/cases/EWHC/Ch/2004/2815.html</a>
Public note View the judgment free of charge at www.bailii.org...
942 ## - ADDED ENTRY ELEMENTS (KOHA)
Suppress in OPAC 0
Holdings
Withdrawn status Lost status Source of classification or shelving scheme Damaged status Not for loan Home library Current library Shelving location Date acquired Total Checkouts Full call number Barcode Date last seen Copy number Price effective from Koha item type
    Dewey Decimal Classification     London London Journal article 23/09/2005   L131063 131063-1001 06/08/2019 1 06/08/2019 Journal article